English File. Intermediate: student's book

Bibliografiske detaljer
Hovedforfatter: Latham-Koenig C. Christina
Andre forfattere: Oxenden C. Clive, Lambert J. Jerry
Summary:The Student's Book includes: motivating, real-world texts, grammar bank with rules and exercises, illustrated vocabulary bank and sound bank, practical English focus on everyday language.Topics: Food and restaurants, sport, family and personality, money, transport and travel, mobile phones, describing people, education, houses, friendship, work, shopping, cinema, what people do, television.
Sprog:engelsk
Udgivet: Oxford, Oxford University Press, 2019
Udgivelse:4th ed.
Fag:
Format: Bog
KOHA link:https://koha.lib.tpu.ru/cgi-bin/koha/opac-detail.pl?biblionumber=346284

MARC

LEADER 00000nam0a2200000 4500
001 346284
005 20231102005853.0
010 |a 9780194035910 
035 |a (RuTPU)RU\TPU\book\378164 
035 |a RU\TPU\book\279023 
090 |a 346284 
100 |a 20210802d2019 m y0engy50 ba 
101 0 |a eng 
102 |a GB 
105 |a a j 000zy 
200 1 |a English File. Intermediate  |e student's book  |f C. Latham-Koenig, C. Oxenden, J. Lambert 
205 |a 4th ed. 
210 |a Oxford  |c Oxford University Press  |d 2019 
215 |a 167 p.  |c il. 
330 |a The Student's Book includes: motivating, real-world texts, grammar bank with rules and exercises, illustrated vocabulary bank and sound bank, practical English focus on everyday language.Topics: Food and restaurants, sport, family and personality, money, transport and travel, mobile phones, describing people, education, houses, friendship, work, shopping, cinema, what people do, television. 
606 1 |a Английский язык  |x Учебные руководства и пособия  |x Учебные руководства и пособия для высшей школы  |2 stltpush  |3 (RuTPU)RU\TPU\subj\29071  |9 52483 
610 1 |a лексика 
610 1 |a грамматика 
610 1 |a разговорная речь 
610 1 |a упражнения 
686 |a Ш143.21-923  |v LBC/SL-A  |2 rubbk 
700 1 |a Latham-Koenig  |b C.  |g Christina 
701 1 |a Oxenden  |b C.  |g Clive 
701 1 |a Lambert  |b J.  |g Jerry 
801 1 |a RU  |b 63413507  |c 20090408  |g PSBO 
801 2 |a RU  |b 63413507  |c 20210825  |g PSBO 
942 |c BK